Kult Baranek-tekst - Statystyki

Ogólne statystyki
  • Ten quiz został rozwiązany 283 razy
  • Średni wynik to 152 z 247
Statystyki odpowiedzi
Odpowiedź % Poprawnych
a
97%
na
96%
baranek
94%
i
93%
w
93%
z
93%
ma
90%
głowie
89%
lata
89%
motylek
89%
nią
89%
wianek
89%
nad
88%
badylek
87%
o
87%
ręku
87%
kwietny
86%
zielony
86%
mój
85%
84%
ja
84%
mojej
84%
po
84%
przed
83%
dziewczynie
82%
bierzy
81%
to
81%
co
79%
ludzie
78%
ci
77%
napletli
77%
świnie
77%
brudne
75%
jak
72%
jej
72%
nałogach
72%
bzdury
70%
trwoga
70%
litość
68%
prostu
68%
jakieś
67%
tak
66%
zazdrości
65%
miłości
64%
bywa
63%
gdy
63%
brak
61%
kiedy
61%
ktoś
61%
mu
60%
własnej
60%
nie
59%
sposób
58%
widzieć
58%
ach
54%
zło
53%
podli
52%
do
51%
plotki
51%
żadne
50%
chcą
48%
mnie
48%
obce
48%
zaszkodzi
48%
plodzi
47%
zboczeńcy
46%
białe
44%
robią
44%
sadyści
44%
znów
44%
paranoicy
43%
ręce
43%
czemu
42%
morzu
42%
ech
41%
zapomniałem
41%
zapytać
41%
zawiści
41%
się
40%
chciałem
39%
znam
38%
chłopem
37%
fałszywy
37%
lepiej
37%
myła
37%
opluć
37%
podłogi
37%
tylko
37%
jakimś
36%
widzieli
35%
utaplani
34%
ale
33%
boże
33%
drogi
33%
gębach
33%
jachtach
33%
jaguara
33%
ust
33%
wam
33%
wara
33%
pojechała
32%
saint
32%
biust
31%
ładny
30%
pianę
30%
stara
30%
pięknie
29%
pieniądz
29%
pyta
29%
toń
29%
utopić
29%
czy
28%
kosi
28%
toczę
28%
zapadłem
27%
dziewczyna
26%
męczyła
26%
miłością
26%
może
26%
patrzę
26%
przychodzić
26%
zgodzić
26%
pracę
25%
skroń
25%
tropez
25%
rumieniec
24%
bagna
23%
kryjąc
23%
potępieniec
23%
swego
23%
trudno
23%
byle
22%
skineła
20%
ciało
18%
zgrzytam
15%
dłonią
13%
kłoniąc
13%
panięce
11%
wsparła
11%
przecierz
10%
rospuście
4%
krzywnę
2%
brudniej
1%
głodni
1%
zaganiać
1%
rzadniej
0%
uśmich
0%
Nie znaleziono quizów pasujących do podanych kryteriów
Rozkład punktacji
Procent ludzi z każdym wynikiem
Percentyl według liczby udzielonych odpowiedzi
Twoja historia wyników
Nie rozwiązałeś tego quizu